000 00734nam a22002417a 4500
003 UA-OsUOA
001 45473
007 ta
008 20111012b un ||||| |||| 00| 0 ukr d
100 _aКрамер К.
090 _a81
_bК78
942 _cBK
040 _aUA-OsUOA
_bmac
_cUA-OsUOA
_dUA-OsUOA
245 _aАнглиско-македонски разговорник
300 _a99 с.
955 _a2
041 _amac
080 _a81
260 _aСкопje
_c1985
650 7 _a8 Мовознавство. Художня література. Літературознавство
_2UDC
999 _c425583
_d425583